000 00440nam a2200169 i 4500
001 42151
003 ES-MaACL
005 20230906160546.0
007 t|
008 030312s1967 sp ||||1| spa d
100 1 _aCastilla, Alfonso de.
_936642
245 1 0 _aTeseo el ínclito /
_cAlfonso de Castilla.
250 _a1ª ed.
260 _aMadrid :
_bDucal,
_c[1967]
300 _a236 p. ;
_c21 cm.
852 _aES-MaACL
_jC-33767
_bR.64228
999 _c42151
_d42151